[Event "RUS-ch51"]
[Site "St Petersburg"]
[Date "1998.08.06"]
[Round "10"]
[White "Yakovich, Yuri"]
[Black "Poluljahov, Aleksandr"]
[Result "0-1"]
[WhiteElo "2560"]
[BlackElo "2530"]
[Annotator "Huebner,R"]
[PlyCount "72"]
[EventDate "1998.07.28"]
[EventType "swiss"]
[EventRounds "11"]
[EventCountry "RUS"]
[SourceTitle "CBM 067"]
[Source "ChessBase"]
[SourceDate "1998.11.30"]
[SourceVersion "2"]
[SourceVersionDate "1998.11.01"]
[SourceQuality "1"]

1. d4 d5 2. c4 c6 3. Nf3 dxc4 4. e3 Be6 5. Nc3 b5 6. a4 b4 7. Ne4 Nf6 8. Nc5 (
8. Ned2 c3 9. bxc3 bxc3 10. Nc4 Bxc4 11. Bxc4 e6 12. a5 Nbd7 13. O-O Be7 14.
Qd3 $14 {1-0 Gurevich,M-Rausis,I/Haarlem op 1997 (26)}) 8... Bd5 9. Bd2 (9. Qc2
e6 10. Bxc4 Bxc5 11. dxc5 Nbd7 $15 {bietet dem Schwarzen keinerlei Probleme.})
9... e6 $1 (9... a5 10. Rc1 e6 11. Bxc4 Bxc5 12. Bxd5 Bxd4 13. Bxe6 {überläßt
dem Weißen das bessere Spiel.}) 10. Bxb4 Nbd7 11. Nd2 Rb8 12. Bc3 $6 ({Besser
war} 12. Nxd7 Rxb4 13. Nxf8 Kxf8 (13... Rxb2 14. Qc1 Qb6 15. Nxe6 fxe6 16. Bxc4
$16) 14. Qc2 Qb6 15. Rb1 c5 {mit etwa gleichen Aussichten für beide Seiten.})
12... Nxc5 13. dxc5 Bxc5 14. Bxc4 ({Die Folge} 14. Qc2 O-O 15. Nxc4 ({Nach} 15.
e4 Ng4 {bricht die Stellung des Weißen zusammen.}) 15... Ne4 16. Bd3 Nxc3 17.
bxc3 Qg5 {ist nicht angenehmer für Weiß.}) 14... Bxc4 15. Nxc4 Qd5 16. Qe2 ({
Nach} 16. Qxd5 cxd5 17. Nd2 Ke7 18. Ke2 {hat Schwarz das bessere Endspiel.
Nach dem Textzug entsteht eine scharfe Stellung, in der Weiß bei richtigem
Spiel nicht ohne Gegenchancen ist.}) 16... Qxg2 17. O-O-O Qg4 ({Auch nach} 
17... Ne4 18. Qd3 Nxc3 19. Qxc3 {hat Weiß gutes Gegenspiel.}) 18. f3 $6 ({
Die Fortsetzung} 18. Qd3 Nd5 ({Nach} 18... Qg6 19. Rhg1 Qxd3 20. Rxd3 Kf8 21.
Ne5 {hat Weiß jedenfalls nichts zu fürchten.}) 19. Rhg1 Qh4 20. Rxg7 {sieht
für Schwarz recht gefährlich aus.}) 18... Qh4 19. Rhg1 {Auf der g-Linie kann
Weiß nichts erreichen; mit dem Textzug fesselt Weiß nur seinen e-Bauern, der
unbedingt nach e4 vorrücken muß, um die Möglichkeit Sf6-d5 zu entkräften. Nach}
(19. e4 {entsteht eine Stellung mit etwa gleichen Aussichten.}) 19... O-O 20.
f4 g6 21. Ne5 Nd5 22. Bd4 Bxd4 23. Rxd4 c5 $19 24. Rc4 Rb4 25. Rxc5 Rfb8 26.
Rc2 Rxa4 27. Kb1 Qe7 28. Rgc1 Kg7 29. Rc4 Qa3 30. Rxa4 Qxa4 31. Qc4 Rb4 32. Qc8
Qb3 33. Rc2 Nxe3 34. Rd2 Nc4 35. Nxc4 Qxc4 36. Qd8 Qxf4 0-1

[Event "Copenhagen KS"]
[Site "Copenhagen"]
[Date "1996.??.??"]
[Round "2"]
[White "Hellsten, Johan"]
[Black "Hector, Jonny"]
[Result "1/2-1/2"]
[WhiteElo "2490"]
[BlackElo "2525"]
[Annotator "Huebner,R"]
[PlyCount "147"]
[EventDate "1996.07.05"]
[EventType "tourn"]
[EventRounds "9"]
[EventCountry "DEN"]
[EventCategory "10"]
[SourceTitle "CBM 055"]
[Source "ChessBase"]
[SourceDate "1996.12.01"]
[SourceVersion "1"]
[SourceVersionDate "1996.12.01"]
[SourceQuality "1"]

1. d4 d5 2. Nf3 Nf6 3. c4 c6 4. Qc2 g6 5. e3 Bf5 6. Bd3 e6 7. Nbd2 Na6 8. a3
Bg7 9. O-O O-O 10. b4 b5 11. c5 Nd7 12. Nb3 Qc7 13. Bxf5 gxf5 14. Bd2 Rae8 15.
a4 bxa4 16. Rxa4 Nab8 17. Ne1 a6 18. Nd3 Kh8 19. f3 Rg8 20. Be1 Bh6 21. Qe2 f6
22. e4 f4 23. Ra2 Rg6 24. exd5 cxd5 25. b5 axb5 26. Nb4 Nc6 27. Nxd5 Qd8 28.
Qxb5 Ndb8 29. Nb4 Nxd4 30. Nxd4 Qxd4+ 31. Bf2 Qd8 32. Kh1 $6 (32. c6 $5 $16)
32... Reg8 33. Rg1 Bf8 34. Qc4 e5 35. Ra8 Qd2 36. Nd3 e4 37. Qxe4 (37. fxe4 $5
f3 (37... Bxc5 38. Ra2 $18) 38. g3 $16) 37... Bxc5 38. Rxb8 (38. Nxf4 $5 Bxf2 (
38... Qxf2 39. Nxg6+ hxg6 40. Rb1 Bd6 41. Qe6 $18) 39. Nxg6+ hxg6 40. Rb1 Qd6
41. g3 {mit Angriff.}) 38... Bxf2 39. Rxg8+ Rxg8 40. Nxf2 Qxf2 41. Qxf4 Qb2 42.
h4 Rd8 43. Re1 Rg8 44. Rg1 Rd8 45. Kh2 {Nach Damentausch ist die Stellung
remis, aber es ist fraglich, ob Weiß Möglichkeiten besitzt, auf andere Weise
weiterzukommen.} Qb8 46. Qxb8 Rxb8 47. Re1 Kg7 48. Re7+ Kg6 49. g4 h5 50. Re6
Rb3 51. Kg2 Kf7 52. Rd6 hxg4 53. fxg4 Kg7 54. Re6 Ra3 55. Rd6 Rb3 56. Rd5 Ra3
57. Rf5 Rb3 58. Rf3 Rb4 59. Kg3 Rb1 60. Rd3 Rf1 61. Re3 Rg1+ 62. Kf3 Rh1 63.
Re7+ Kf8 64. Rh7 Kg8 65. Kg2 Ra1 66. Rd7 Ra3 67. h5 Rb3 68. Kf2 Rh3 69. Kg2 Ra3
70. h6 Ra5 71. Kg3 Rg5 72. Kh4 Kh8 73. h7 Rg7 74. Rxg7 1/2-1/2

[Event "EU-Cup 21st"]
[Site "Saint Vincent"]
[Date "2005.09.19"]
[Round "2.1"]
[White "Parker, Jonathan"]
[Black "Rublevsky, Sergei"]
[Result "0-1"]
[WhiteElo "2515"]
[BlackElo "2645"]
[Annotator "Huebner,R"]
[PlyCount "58"]
[EventDate "2005.09.18"]
[EventType "team-swiss"]
[EventRounds "7"]
[EventCountry "ITA"]
[SourceTitle "CBM 110"]
[Source "ChessBase"]
[SourceDate "2006.01.31"]
[SourceVersion "1"]
[SourceVersionDate "2006.01.31"]
[SourceQuality "1"]
[WhiteTeam "Barbican"]
[BlackTeam "Kazan Ladya"]
[WhiteTeamCountry "ENG"]
[BlackTeamCountry "RUS"]

1. d4 d5 2. c4 c6 3. Nf3 Nf6 4. e3 a6 5. Bd3 Bg4 6. Qb3 Bxf3 7. gxf3 Qc7 8. Nc3
e6 9. Bd2 Be7 10. Rc1 dxc4 11. Bxc4 O-O (11... Nbd7 12. Be2 (12. Qc2 c5 13.
dxc5 Nxc5 14. Na4 (14. O-O O-O 15. Be2 Rac8 16. Qb1 Qb8 17. Rfd1 Ncd7 18. Be1
Ne5 19. Ne4 Ng6 20. Bc3 Rfd8 21. Nxf6+ Bxf6 22. Bxf6 gxf6 23. f4 f5 24. Bf3 b6
25. Rxd8+ Rxd8 26. Qc2 a5 27. Kg2 Nh4+ 28. Kg3 Nxf3 29. Kxf3 Qd6 30. Qc6 Qd5+
31. Qxd5 Rxd5 32. Rc6 Rb5 33. b3 a4 34. bxa4 Rb4 {1/2-1/2 Kortschnoj,V-Chernin,
A/Warsaw 2002/CBM 092 ext (34).}) 14... Qc6 15. Nxc5 Qxc5 16. Qb3 b5 17. Bxe6
Qh5 18. Rc7 O-O 19. Rxe7 Qxf3 20. Bxf7+ Kh8 21. Rf1 Rad8 22. e4 Rd3 23. Qd1 Qg2
24. Qe2 Rfd8 25. Bd5 Qh3 26. f3 Rd4 27. Bc3 Nxd5 28. exd5 Qh4+ 29. Rf2 {
1-0 Rogers,J-Pitcher,J/West Bromwich 2004/EXT 2005 (29).}) 12... O-O 13. O-O
Rfd8 14. Rfd1 Rac8 15. Be1 Qb8 16. a3 g6 17. Qa2 c5 18. d5 Nf8 19. a4 Qe5 20.
f4 Qf5 21. dxe6 Nxe6 22. Qb3 Rb8 23. Rxd8+ Bxd8 24. Rd1 Qh3 25. Bf1 Qg4+ 26.
Bg2 b5 27. Qc2 b4 28. h3 Qh5 29. Nd5 b3 30. Qc1 Nxd5 31. Rxd5 Qh4 32. Rd6 a5
33. Bc3 c4 34. Be5 Rc8 35. Qc3 Be7 36. Rc6 Rd8 37. Qc1 Bf6 38. Rxc4 Bxe5 39.
fxe5 Qh5 40. Rc8 Rxc8 41. Qxc8+ Kg7 42. Qc3 Qd1+ 43. Bf1 Qc2 44. Kg2 Qxc3 45.
bxc3 Nc5 46. Bc4 b2 47. Ba2 Nxa4 {0-1 Van Wely,L-Bareev,E/Monte Carlo 2003/CBM
093 ext (47).}) 12. Bf1 {Dies schaut etwas gekünstelt aus, ist jedoch zum
Ausgleich ausreichend. Die Stellung dürfte ohnehin im Gleichgewicht sein; man
sehe die folgenden Beispiele.} (12. Ne4 Nbd7 13. Qc2 (13. O-O Rad8 14. Rfd1 Kh8
15. Ng3 Qb8 16. Bf1 Nd5 17. e4 N5f6 18. f4 c5 19. Bg2 cxd4 20. e5 Ng8 21. Qxb7
Qxb7 22. Bxb7 Rb8 23. Bxa6 Rxb2 24. Bc4 Ba3 25. Rb1 Rxb1 26. Rxb1 Rc8 27. Bb5
Nc5 28. Bb4 {1/2-1/2 Jussupow,A-Agrest,E/France 2004/CBM 098 ext (28).}) 13...
e5 14. Nxf6+ Nxf6 15. Bc3 Bd6 16. Qf5 Nd7 17. Rd1 b5 18. Bb3 Rae8 $11 {1-0
Parker,J-Rasmussen,K/Rethymnon 2003/CBM 098 (27). (26)}) 12... Nbd7 13. Bg2 c5
(13... e5 $5 {sieht etwas besser aus.}) 14. f4 Rac8 $6 (14... Rab8 $11) 15. O-O
$6 (15. Qxb7 {war einen Versuch wert:} Qd6 (15... Qxb7 16. Bxb7 Rb8 17. Bxa6
Rxb2 18. Bc4 $14) 16. Ne4 Nxe4 17. Qxe4 {mit bequemerem Spiel für Weiß.}) 15...
b5 16. Ne2 Nb6 17. dxc5 Nc4 18. Bc3 Qxc5 19. Qd1 (19. Bb7 Rb8 20. Bxa6 Qc6 21.
Bxf6 Bxf6 22. Bxb5 {führt zu einer Remisstellung.}) 19... Rfd8 20. Bd4 Qb4 21.
Rc2 Qa5 22. a3 Nd5 23. Qc1 Rb8 {Dieser Zug sieht nicht sehr sinnvoll aus und
wurde möglicherweise nicht gespielt: siehe Anmerkung zum 27. Zuge von Weiß und
Schlußbemerkung. Ich sehe mich aber außerstande, den Schaden zu beheben.} 24.
Rd1 h6 25. Ng3 $11 Nf6 26. Bf1 Qa4 27. Rd3 (27. Bxc4 bxc4 28. Rxc4 {ist nicht
zu verachten.}) 27... Na5 28. Be5 Nb3 29. Rxb3 Qxb3 {Es ist nicht einzusehen,
warum Weiß diese Stellung aufgeben sollte; nach 30.Lb8: dürfte sie starke
Remistendenzen zeigen. Natürlich ist es möglich, daß Weiß die Zeit
überschritten hat; oder das Ergebnis ist falsch eingetragen.} 0-1

[Event "Bad Homburg"]
[Site "Bad Homburg"]
[Date "1996.??.??"]
[Round "1"]
[White "Hug, Werner"]
[Black "Bezold, Michael"]
[Result "1/2-1/2"]
[WhiteElo "2445"]
[BlackElo "2495"]
[Annotator "Huebner,R"]
[PlyCount "80"]
[EventDate "1996.07.20"]
[EventType "tourn"]
[EventRounds "9"]
[EventCountry "GER"]
[EventCategory "12"]
[SourceTitle "CBM 055"]
[Source "ChessBase"]
[SourceDate "1996.12.01"]
[SourceVersion "1"]
[SourceVersionDate "1996.12.01"]
[SourceQuality "1"]

1. Nf3 d5 2. g3 c6 3. Bg2 Bg4 4. c4 e6 5. Qb3 Qb6 6. O-O Nd7 7. d4 Ngf6 8. Nc3
Be7 9. h3 Bh5 10. Re1 O-O 11. Bf4 Bxf3 12. Bxf3 Qxd4 13. Qxb7 Qxc4 14. Rec1 Qb4
15. Qxc6 Rac8 16. Qa6 Qxb2 17. Nd1 Rxc1 18. Rxc1 Qb6 19. Qa4 h6 20. Rc6 Qb4 21.
Qxb4 Bxb4 22. Rc7 Bc5 23. h4 e5 {Es wäre schön, wenn man diese Lockerung der
Bauernstellung im Zentum vorläufig vermeiden könnte, um den Läufern keinen
Aktionsraum zu eröffnen. Ich empfehle} (23... Bb6 24. Rc2 Nc5 25. Bd6 (25. Nb2
Nce4 $17) 25... Rc8 26. Nb2 Ne8 27. Bf4 Rd8 {mit einigen Gewinnaussichten.})
24. Bd2 Rb8 $6 (24... Bb6 25. Rc2 e4 $5) 25. e3 $6 (25. Bxd5 Nxd5 26. Rxd7 Rb1
27. Rxd5 Rxd1+ 28. Kg2 Bb4 29. Rd8+ Kh7 30. Bg5 Ra1 31. Bd2 Ba3 32. Be3 Rxa2
33. Ra8 $10) 25... Bb6 26. Rc2 d4 27. exd4 exd4 28. Bf4 Re8 29. Nb2 Nc5 30. Nc4
Re1+ 31. Kg2 Nfe4 $6 (31... Nd3 32. Bd2 Ne4 33. Nxb6 axb6 34. Rc8+ Kh7 35. Bg4
Nxd2 36. Bf5+ g6 37. Bxd3 $10) (31... Ne6 32. Bd2 Ra1 33. Ne5 $13) (31... d3 $5
32. Rb2 Nfd7 33. Nxb6 axb6 34. Bc6 Re2 35. Rd2 Ne5 36. Bd5 Ne6 $17) 32. Nxb6
axb6 33. Rb2 g5 (33... Nd3 34. Rxb6 Nexf2 (34... Ndxf2 35. Rb8+ Kh7 36. Rd8 $10
) 35. Rd6 Ra1 36. Bd5 $13) (33... Ra1 $5 34. Rxb6 Rxa2 35. Bxe4 Nxe4 36. Rb4
Rxf2+ 37. Kg1 $10) 34. hxg5 hxg5 35. Bc7 d3 (35... Nd3 36. Re2) 36. Bxb6 Na4
37. Rb4 Nxb6 $6 (37... Nac3 38. Rc4 (38. Ba5 d2 39. Rb2 (39. Rc4 Ne2 40. Rc8+
Kg7 41. Rd8 Rg1+ 42. Kh2 d1=Q 43. Rxd1 Rxd1 44. Bxe4 $10) 39... g4 (39... d1=Q
40. Bxd1 Rxd1 41. f3 $14) 40. Bxe4 Rg1+ 41. Kh2 d1=Q 42. Rb8+ Kg7 43. Bxc3+ f6
44. Rb7+ Kf8 45. Rb1 $10) 38... d2 39. Rc8+ Kh7 40. Ba5 $10) 38. Rxb6 $6 (38.
Bxe4 d2 39. Bf3 $16) 38... Nc3 (38... d2 39. Rb8+ Kg7 40. Rd8 $10) 39. Rd6 Nxa2
40. Rxd3 Nb4 1/2-1/2

[Event "USA-ch"]
[Site "Parsippany"]
[Date "1996.??.??"]
[Round "9"]
[White "Alburt, Lev O"]
[Black "Shabalov, Alexander"]
[Result "0-1"]
[WhiteElo "2560"]
[BlackElo "2565"]
[Annotator "Huebner,R"]
[PlyCount "86"]
[EventDate "1996.07.13"]
[EventType "tourn"]
[EventRounds "13"]
[EventCountry "USA"]
[EventCategory "12"]
[SourceTitle "CBM 055"]
[Source "ChessBase"]
[SourceDate "1996.12.01"]
[SourceVersion "1"]
[SourceVersionDate "1996.12.01"]
[SourceQuality "1"]

1. d4 d5 2. c4 c6 3. Nf3 Nf6 4. Qc2 g6 5. Bf4 Na6 6. e3 Bf5 7. Qb3 Nb4 {
Dies ist eine prächtige Idee. Ich fürchte aber, daß sie nicht ganz gesund ist,
wenn Weiß den Mut findet, sich auf die Hauptvariante einzulassen, die in
dieser Partie Anwendung findet. Versucht wurde hier außerdem:} (7... Bxb1 $2 8.
Qxb7 Qa5+ 9. Nd2 Rd8 (9... Ne4 {scheitert an} 10. Qxc6+) 10. Qxc6+ Nd7 11. Qb5
(11. Qxd5 {sieht noch stärker aus.}) 11... Qxb5 12. cxb5 {mit entscheidendem
Vorteil für Weiß: Epishin,V-Shabalov,A, Tbilisi 1989, CBM 12.}) (7... Qb6 8.
Nbd2 (8. Nc3 Nb4 (8... Qxb3 $5 9. axb3 Nb4 10. Ra4 e6 {sieht befriedigend für
Schwarz aus.}) 9. c5 Nd3+ 10. Bxd3 Qxb3 11. axb3 Bxd3 12. Kd2 Bf5 13. b4 $14 {
Tjanav,T-Akhundov,R, Voroshilovgrad op 1989, EXT 89 op.}) 8... Nb4 (8... Qxb3 {
kommt auch hier in Betracht.}) 9. Rc1 Nc2+ 10. Kd1 Qxb3 11. Nxb3 Nb4 12. a3
dxc4 (12... Nd3 $5 13. Bxd3 Bxd3 14. cxd5 Nxd5 15. Nc5 Nxf4 16. exf4 Bf5 {
verdient Erwägung.}) 13. Bxc4 Nbd5 14. Be5 $14 {Madsen,D-Grotnes,N, Namses op
1995, EXT 95 op. Es scheint, daß 7...Db6 gut spielbar ist.}) 8. Qxb4 (8. Na3 {
ist natürlich ein ganz kaninchenhafter Zug, obwohl er in der einzigen
Beispielpartie, die mir mit ihm vorliegt, rasch zum Erfolg führte:} Qa5 9.
O-O-O Ne4 10. Bg3 e5 $4 11. Nxe5 Nc3 $4 {Schwarz strebt den Schönheitspreis an;
er wird aber grausam enttäuscht.} 12. bxc3 Nxa2+ 13. Kb2 Nxc3 14. Qxc3 Bb4 15.
Qb3 O-O 16. c5 f6 17. Nec4 {1-0, Tsorbatzoglou,T-Papachristou,N, Katerini op
1992, EXP 32.}) 8... e5 9. Qxb7 (9. c5 {wurde mindestens zwei Mal gespielt,
mit schlechten Resultaten für Weiß; die Sache ist aber natürlich keineswegs
klar und bedarf sorgfältiger Analyse:} exf4 10. exf4 (10. Qxb7 fxe3 11. fxe3 {
ist vielleicht weniger absurd als es aussieht; Weiß droht 12.Se5.}) 10... b6
11. Ne5 bxc5 12. Qb7 Bd7 13. Nxd7 (13. Nxc6 Qc8 14. Qxc8+ Rxc8 15. Nxa7 Rb8 16.
a4 (16. Nc3 cxd4 17. Ncb5 Bb4+ 18. Kd1 Ne4 $17) 16... c4 $17 {L.Ftacnik, Anm.
zur Partie Epishin,V-Kuprejtschik,V, Daugavpils 1989, CBM 16; vielleicht ist
16...Tb2: noch stärker.}) 13... Nxd7 14. Qxc6 Rc8 15. Qxd5 cxd4 16. Bb5 $6 {
ist der einzige Zug, der bis jetzt in der Praxis erprobt wurde.} (16. Qxd4 Rc1+
17. Ke2 (17. Kd2 Qc7 18. Qe4+ Be7 19. g3 O-O {ist offensichtlich für Weiß
nicht spielbar.}) 17... f6 {Ich kann keine befriedigende Verteidigung gegen
die doppelte Drohung 18.Dh8: und 18.De3+ entdecken.} 18. Qe3+ Qe7 19. Kd2 {
Weiß steht auf Gewinn.}) (16. Nd2 $5 Bb4 17. Qe4+ (17. Qxd4 Qe7+ {ist unbequem
für Weiß.}) (17. Bb5 Bxd2+ 18. Kxd2 Qa5+ 19. Kd1 O-O {ist ebenfalls weniger
empfehlenswert.}) 17... Qe7 (17... Kf8 18. Qxd4 Qe7+ 19. Be2 Nf6 20. a3 {
Schwarz hat keine genügende Kompensation für das geopferte Material.}) 18.
Qxe7+ Kxe7 19. a3 Bxd2+ 20. Kxd2 Nc5 21. Re1+ Kf6 22. Bc4 {Weiß hat Vorteil;
ob er schon auf Gewinn steht, vermag ich nicht zu beurteilen.}) 16... Bb4+ $2 (
16... Rc1+ 17. Kd2 Rxh1 18. Qe5+ Qe7 19. Qb8+ Qd8 20. Qe5+ {führt zum Remis.})
17. Kd1 $6 (17. Ke2 O-O 18. Rd1 $2 (18. Qxd7 {ist nötig. Ich sehe nicht, wie
Schwarz sich Angriffsaussichten verschaffen kann; dem König des Weißen winkt
ein verhältnismäßig sicherer Zufluchtsort auf f3 (und g3).}) 18... Qh4 19. Kf1
(19. Bxd7 Rc2+ 20. Kd3 Rxf2 (20... Qxf2 {scheitert an} 21. Qf3) 21. Qxd4 Rxf4 {
ist keine Fortsetzung für nervenschwache Gemüter, mußte aber versucht werden.})
(19. Qxd7 Rc2+ 20. Nd2 Qxf4 21. Kf1 Bxd2 {ist natürlich äußerst unerfreulich
für Weiß, aber immer noch besser als die Partiefortsetzung:}) 19... Qxh2 20.
Nd2 Nf6 (20... Nb6 21. Qxd4 (21. Qg5 Bxd2 $19) 21... Qh1+ 22. Ke2 Qh5+ {
führte zu Figurengewinn, aber auch die Partiefortsetzung reicht zum Sieg:}) 21.
Qg5 Bxd2 22. Qxf6 Rc2 23. Ke2 Bxf4+ 24. Kd3 Rxf2 25. Bc6 Qg3+ 26. Bf3 Rxf3+ {
0-1, Epishin,V-Kuprejtschik,V, Daugavpils 1989, CBM 16.}) 17... O-O 18. Qxd7
Qh4 19. g3 (19. Ba6 Rfd8 (19... Rc5 20. g3 Qh5+ 21. Be2 {und es fehlt dem
Schwarzen die Möglichkeit zu Dh5-c5; Weiß gewinnt. Nach}) (19... Qxf2 20. Bxc8
Qxb2 21. Bb7 Qxa1 22. Be4 Qxa2 23. Qb5 {ist die Lage nicht deutlich, doch Weiß
dürfte in der Lage sein, sich zu verteidigen.}) 20. Qxc8 (20. Qh3 Qxf2 21. Qd3
(21. Bxc8 d3) (21. Qb3 Qxg2 $19) 21... Qxb2 22. Bxc8 Rxc8 $19) 20... Rxc8 21.
Bxc8 Qxf2 {mit Gewinnstellung für Schwarz.}) 19... Qh5+ 20. Be2 Qc5 21. Nd2 (
21. Na3 Bxa3 22. Bd3 Bxb2 {führt auch zu einer für Weiß hoffnungslosen
Stellung.}) 21... Qc2+ 22. Ke1 Qxd2+ 23. Kf1 Rfd8 24. Qb7 d3 25. Bg4 Rc2 26.
Qf3 f5 27. Bh3 Bc5 {Titlianov,Y-Kozlov,O, Kemerovo 1991, TD 91/03. Das
Ergebnis ist mit 1-0 angegeben, doch glaube ich eher, daß es 0-1 lautete.})
9... Rb8 {Auf} (9... exf4 {(L. Ftacnik in den Anmerkungen zur Partie Epishin,
V-Kuprejtchik,V, Daugavpils 1989, CBM 16) folgt} 10. Ne5 (10. Qxc6+ Bd7 11. Qa6
fxe3 {was L. Ftacnik angibt, überläßt dem Schwarzen eine gefährliche
Initiative.}) 10... Bd7 11. Nxc6 {und Weiß gewinnt.}) 10. Qxc6+ Bd7 11. Qxf6 (
11. Qa6 {(L. Ftacnik, loc. cit.)} exf4 {sieht allzu riskant für Weiß aus.})
11... Qxf6 12. Bxe5 Qb6 13. b3 (13. Nbd2 $2 {ist schwach:} Qxb2 14. Rb1 (14.
Rd1 Ba4 15. Bxh8 (15. Be2 dxc4 16. Bxh8 (16. Nxc4 Bb4+ 17. Kf1 Qxa2 18. Rc1 O-O
$19) 16... c3 17. Nc4 Qxa2 18. Rc1 Rb1 {sieht verderblich für Weiß aus.}) 15...
Bxd1 16. Kxd1 Qa1+ 17. Ke2 Qxa2 {und Schwarz gewinnt.}) 14... Qxb1+ 15. Nxb1
Rxb1+ 16. Kd2 (16. Ke2 Rg8 {sieht ebenfalls schlecht für Weiß aus.}) 16... Bb4+
17. Kc2 Bf5+ 18. Bd3 Rxh1 19. Bxh8 Bxd3+ 20. Kxd3 dxc4+ 21. Kxc4 Bd6 $17 {
und Schwarz gewann: Angelov,R-Hector,J, Katerini op 1992, EXP 32.}) 13... Bb4+
14. Nbd2 (14. Nfd2 $5 O-O 15. Bxb8 Rxb8 16. Bd3 (16. cxd5 Qa5 17. Bc4 {sieht
stärker aus. Im Vergleich zur Partiefortsetzung hat Weiß einen zusätzlichen
Bauern auf d5.} Bf5 18. Ke2 {ist ungefährlich für Weiß.}) 16... dxc4 17. Bxc4
Qa5 18. Ke2 Qg5 19. Nf3 Qxg2 20. Rg1 Qh3 21. Nbd2 (21. Bxf7+ $6 Kg7 {und der
Turm des Schwarzen erscheint mit Kraft auf der f-Linie.}) 21... Bxd2 22. Rg3
Qf5 23. Kxd2 Bb5 $13 {geschah in der Partie Alterman,V-Rublevskij,S, Sotschi
1990, TD 90/02. Die Partie endete nach 40 Zügen mit Remis.}) 14... O-O 15. Bxb8
Rxb8 16. cxd5 Qa5 17. Bc4 (17. h3 $6 Bxd2+ 18. Nxd2 Rxb3 $17) 17... Bg4 18. O-O
{Da ist die Neuerung! In der Partie Ionescu,Co-Shabalov,A, Bern op 1992, CBM
28, geschah} (18. Rd1 Bxf3 19. gxf3 Qxa2 20. Ke2 a5 21. d6 Kg7 22. d7 Rd8 23.
Bb5 $2 Bxd2 24. Rxd2 Qxb3 {und Schwarz gewann rasch (In dieser Partie waren
nach 5.Lf4 die Züge 5...Da5+ 6.Ld2 Dd8 7.Lf4 eingeschaltet worden, so daß
Ta1-d1 in Wirklichkeit der zwanzigste Zug war.). Der Textzug ist stärker.})
18... Bxd2 19. Ne5 Bf5 20. a3 $2 {Aber diese Feinheit begreife ich nicht. Nach}
(20. Nc6 $142 Qb6 21. Rad1 Bc3 22. Nxb8 Qxb8 23. f3 Qb6 24. Rf2 h5 25. Bd3 {
ist die Aufgabe des Schwarzen nicht beneidenswert.}) 20... Qc3 21. d6 Kg7 (
21... Be6 22. Rfd1 Qc2 (22... Bxe3 23. fxe3 Qxe3+ 24. Kh1 Rd8 25. Re1 $16) 23.
Bd3 Qb2 24. Rab1 Qa2 25. Ra1 $10) 22. Nxf7 $6 (22. Bxf7 $5 Rd8 23. Ra2 $13)
22... Rb6 $2 (22... Bd3 {sollte zum Gewinn führen. Der weißfeldrige Läufer
gibt der Stellung des Anziehenden hauptsächlich Halt (vgl. den 25. Zug von
Schwarz). Der Textzug sieht ganz sinnlos aus.}) 23. e4 $2 (23. Ra2 Rxb3 24.
Bxb3 Qxb3 25. Rxd2 Kxf7 {führt zu einer unklaren Stellung, die sich vielleicht
im Gleichgewicht befindet. Der Textzug gibt dem schwarzfeldrigen Läufer des
Nachziehenden Raum und lockert die Bauernstruktur im Zentrum auf riskante
Weise.}) 23... Bc8 24. Rfd1 Bf4 25. e5 {Damit benimmt Weiß seinem Springer das
wichtigste Rückzugsfeld. Es gibt jedoch keine befriedigende Verteidigung gegen
die Drohung 25...Ld6:} (25. Bd5 Bg4 26. f3 Bxf3 $19) 25... Rxb3 $19 26. Bxb3
Qxb3 27. Nd8 (27. d7 Bxd7 28. Nd6 Qd5 {führt ebenfalls zu einer für Weiß
hoffnungslosen Stellung.}) (27. g3 {scheitert natürlich an} Qf3) 27... Qb6 28.
g3 Qxd8 $2 (28... Bh6 $19 {gewann ohne weiteres.}) 29. gxf4 Qh4 30. f3 $2 (30.
Rd3 Qxf4 31. Re1 {mit unklarer Stellung. Nach dem Textzug fällt die Stellung
des Weißen auseinander; es geht über seine Kräfte, den Punkt f3 zusätzlich zu
verteidigen.}) 30... Qxf4 31. Kf2 (31. Kg2 Bh3+ $19) (31. Rd3 Bf5 $19) 31...
Bb7 32. Rd3 Ba6 (32... Bxf3 {führte wohl auch zu Gewinn:} 33. Rxf3 Qxd4+ 34.
Re3 Qb2+ (34... Qxa1 35. e6 Qf6+ 36. Ke2 Qb2+ 37. Kf3 Qb7+ 38. Kf2 $13) 35. Kf3
(35. Re2 Qxa1 36. e6 Qd4+ 37. Ke1 (37. Kf3 Qxd6 38. e7 Qd3+ 39. Kf2 Qxe2+ 40.
Kxe2 Kf7 $19) 37... Kf8 38. Rf2+ Ke8 39. d7+ Ke7 $19) 35... Qxa1 36. e6 Qd1+
37. Re2 Qxd6 38. e7 Qd3+ 39. Kf2 Qxe2+ 40. Kxe2 Kf7 $19 {Der Textzug ist
einfacher.}) 33. d7 (33. Rdd1 Qxh2+ 34. Ke3 g5 $19) 33... Qxh2+ 34. Ke3 Qh6+
35. Ke2 Qh4 36. Kd2 Kf7 37. d5 Ke7 38. e6 Qf2+ 39. Kc3 Qc5+ 40. Kd2 Bxd3 41.
Rc1 Qd4 42. Rc8 Bb5+ 43. Kc2 Bxd7 0-1